| 000 | 01808 a2200253 4500 | ||
|---|---|---|---|
| 003 | NUST | ||
| 005 | 20230102130831.0 | ||
| 010 | _a 97048421 | ||
| 020 | _a0890069824 (alk. paper) | ||
| 040 | _cNust | ||
| 082 | 0 | 0 | _a364.4,OPT |
| 245 | 0 | 0 |
_aOptical document security / _cRudolf L. van Renesse, editor. |
| 250 | _a2nd ed. | ||
| 260 |
_aBoston : _bArtech House, _cc1998. |
||
| 300 |
_axxviii, 505 p. : _bill. (some col.) ; _c24 cm. + _e1 computer laser optical disc (4 3/4 in.) |
||
| 440 | 0 |
_aArtech House optoelectronics library _995676 |
|
| 505 | _aForensic Aspects of Document Counterfeit (Page-1), Security Design of Valuable Documents and Products (Page-29) The Evaluation of Document Fraud Resistance(Page-57) Introduction to Optical Document Security (Page-75), Security Papers and Special Effects (Page-113), The Historical Development of Security Printing : Design and Technology(Page-131), Security Printing Techniques,151.: Digital Copying Security Elements (Page-151), Noniridescent Optically Variable Devices (Page-201), Document Protection by Optically Variable Graphics (Kinegram) (Page-247), Zero-Order Grating Microstructures (Page-267), Optical Thin-Film Security Devices (Page-289), Liquid Crystal Security Devices (Page-329), Iridescent Optically Variable Devices : A Survey (Page-349), Retroreflective Security Devices (Page-387), Optical Security in Laminates (Page- 405), Identification Cards (Page-427), An Introduction to Biometrics (Page-451). | ||
| 650 | 0 |
_aCounterfeits and counterfeiting _xPrevention. _995677 |
|
| 650 | 0 |
_aForgery _xPrevention. _995678 |
|
| 650 | 0 |
_aIdentification cards _xForgeries _xPrevention. _995679 |
|
| 650 | 0 |
_aReproduction of money, documents, etc. _xPrevention. _995680 |
|
| 700 | 1 |
_aVan Renesse, Rudolf L. _995681 |
|
| 942 |
_cBK _2ddc _k364.4,OPT |
||
| 999 |
_c175304 _d175304 |
||